| 000 | 00000nam##2200000za#4500 |
| 001 | 9.621330 |
| 003 | CaOODSP |
| 005 | 20200401044350 |
| 007 | ta |
| 008 | 150406|1991||||xxc||||| f|0| 0 fre|d |
| 040 | |aCaOODSP|bfre |
| 043 | |an-cn--- |
| 086 | 1 |aFs97-6/1833F |
| 110 | 1 |aCanada. |bMinistère des pêches et des océans. |
| 245 | 10|aGestion de l'exploitation du buccin Buccinum undatum au Québec: détermination d'une taille minimale de capture / |cpar Louise Gendron. |
| 260 | |aOttawa - Ontario : |bPêches et Océans Canada |c1991. |
| 300 | |a40p. : |bfigures, références, tableaux ; |c28 cm. |
| 490 | 1 |aRapport technique canadien des sciences halieutiques et aquatiques|v1833F |
| 500 | |aPréparé à la Division de la recherche sur les Pêches, Ministère des Pêches et des Océans, Institut Maurice-Lamontagne, C.P. 1000, 850, route de la Mer, Mont-Joli (Québec) G5H 3Z4. |
| 546 | |aAbstracts in English |
| 563 | |aCouverture souple |
| 720 | 1 |aJohannessen, D.I. |
| 776 | 0#|tGestion de l'exploitation du buccin Buccinum undatum au Québec : |w(CaOODSP)9.603994 |
| 830 | #0|aRapport technique canadien des sciences halieutiques et aquatiques ;|v1833F|w(CaOODSP)9.513051 |